00000000nas 2200000za 4500
0019.866632
003CaOODSP
00520221107162109
007cr |||||||||||
008190104d19291946oncar p oss  f0###a0eng| 
040 |aCaOODSP|beng
043 |an-cn---
0861 |aCS32-D-25E-PDF
24500|aIce cream production in Canada |h[electronic resource].
260 |aOttawa : |bDominion Bureau of Statistics, |c[1929?-1946?]
310 |aAnnual
3621 |aBegan with 1929; ceased with 1946.
500 |aDigitized edition from print [produced by Statistics Canada].
500 |aTitle from caption.
515 |aIssues for 1932-1933, 1938 not published.
550 |aIssued 1931-1934 by General Manufactures Division; 1935-1944 by General Manufactures Branch; 1945-1946 by General Manufactures Statistics.
69207|2gccst|aFood processing
7101 |aCanada. |bDominion Bureau of Statistics.